Republikanizmus az Amerikai Egyesült Államok 18-19. századi történetében

Elmentve itt :
Bibliográfiai részletek
Szerző: Vajda Zoltán
Dokumentumtípus: Cikk
Megjelent: 1998
Sorozat:Aetas 13 No. 4
Kulcsszavak:Amerikai Egyesült Államok története - 18-19. sz., Politikai gondolkodás - USA - 18-19. sz.
Online Access:http://acta.bibl.u-szeged.hu/40851
LEADER 00696nab a2200181 i 4500
001 acta40851
005 20260224081030.0
008 170718s1998 hu o 000 hun d
022 |a 0237-7934 
040 |a SZTE Egyetemi Kiadványok Repozitórium  |b hun 
041 |a hun 
100 1 |a Vajda Zoltán 
245 1 0 |a Republikanizmus az Amerikai Egyesült Államok 18-19. századi történetében  |h [elektronikus dokumentum] /  |c  Vajda Zoltán 
260 |c 1998 
300 |a 39-68 
490 0 |a Aetas  |v 13 No. 4 
695 |a Amerikai Egyesült Államok története - 18-19. sz., Politikai gondolkodás - USA - 18-19. sz. 
856 4 0 |u http://acta.bibl.u-szeged.hu/40851/1/aetas_1998_004_039-068.pdf  |z Dokumentum-elérés